| 000 | 01081nam a22002777a 4500 | ||
|---|---|---|---|
| 005 | 20240530110449.0 | ||
| 008 | 150504s2011 ua a g b 000 0 ara d | ||
| 017 |
_a2010/22351 _bمصر . دار الكتب المصرية |
||
| 020 | _a9789774950681 | ||
| 040 | _aEG-CaGPL | ||
| 082 | 0 | 4 |
_221 _a372.218\ _bح م |
| 100 | 0 | _aحسن شحاتة . | |
| 245 | 1 | 2 |
_aالمرجع فى رياض الاطفال : _bتوجهات عالمية و تطبيقات عملية / _cتاليف حسن شحاتة . |
| 250 | _aط1. | ||
| 260 |
_aالقاهرة : _bدار العالم العربى ، _c2011. |
||
| 300 |
_a325 ص ؛ _c24 سم. |
||
| 490 | 0 | _aالسلسلة التربوية المعاصرة . | |
| 504 | _aيشتمل على ارجاعات ببليوجرافية | ||
| 650 | 0 | 4 | _aرياض الاطفال . |
| 650 | 0 | 4 |
_aالاطفال المعوقون _xرعاية وعلاج. |
| 650 | 0 | 4 | _aالاطفال المعوقون . |
| 650 | 0 | 4 | _aقصص الاطفال . |
| 650 | 0 | 4 | _aادب الاطفال . |
| 942 |
_2ddc _cBK |
||
| 999 |
_c61219 _d61219 |
||